| 000 | 00936nam a2200253 i 4500 | ||
|---|---|---|---|
| 001 | bg | ||
| 245 | 0 | 0 |
_aWpływ funduszy strukturalnych Unii Europejskiej na planowanie rozwoju województw / _cred. nauk. Konrad Głębocki. |
| 260 |
_aCzęstochowa : _bSekcja Wydawnictwa Wydziału Zarządzania Politechniki Częstochowskiej, _c2005. |
||
| 300 |
_a122, [1] s. : _bil. ; _c25 cm. |
||
| 504 | _aBibliogr. przy rozdz. | ||
| 650 | 9 |
_aFundusze strukturalne UE _zPolska |
|
| 650 | 9 |
_aGospodarka terenowa _xpolityka _zPolska _yod 1989 r. |
|
| 650 | 9 |
_aPlanowanie strategiczne _zPolska _yod 1989 r. |
|
| 650 | 9 |
_aSamorząd województwa _zPolska _yod 1989 r. |
|
| 700 | 1 |
_aGŁĘBOCKI, Konrad. _eRed. |
|
| 015 | _aPB 3161/2006 | ||
| 020 | _a8388469584 | ||
| 040 | _cBPK | ||
| 041 | 0 | _apol | |
| 080 | _a332.14:353](438)"1989/...":339.7(4-67)"1989/..." | ||
| 920 | _a83-88469-58-4 | ||
| 942 | _cKS | ||
| 008 | s pl f |000 0 pol | ||
| 999 |
_c51762 _d51762 |
||
| 856 |
_uhttp://koha.tu.koszalin.pl/cgi-bin/koha/opac-detail.pl?biblionumber=51762 _yKatalog online BPK |
||